Normal view
MARC view
- Shehzad,Wasima
Entry Personal Name
001 - CONTROL NUMBER
- control field: 7832
003 - CONTROL NUMBER IDENTIFIER
- control field: NUST
005 - DATE AND TIME OF LATEST TRANSACTION
- control field: 20171228140611.0
008 - FIXED-LENGTH DATA ELEMENTS
- fixed length control field: 171228|| aca||aabn | a|a d
040 ## - CATALOGING SOURCE
- Original cataloging agency: NUST
- Transcribing agency: NUST
100 ## - HEADING--PERSONAL NAME
- Personal name: Shehzad,Wasima
670 ## - SOURCE DATA FOUND
- Source citation: Work cat.: (NUST)0: Shehzad,Wasima, Organizing Curriculum Vitae:, 2000.
